Central Library and Information Centre
Sibsagar Girls' College, Sivasagar : Assam

INDIAN ECONOMY (Record no. 7971)

MARC details
000 -LEADER
fixed length control field 00413cam a2200181ua 4500
008 - FIXED-LENGTH DATA ELEMENTS--GENERAL INFORMATION
fixed length control field 110922n II |||gr||||Z||||||eng
040 ## - CATALOGING SOURCE
Original cataloging agency MAIN
041 ## - LANGUAGE CODE
-- English
082 ## - DEWEY DECIMAL CLASSIFICATION NUMBER
Classification number 330.54 MIS
100 ## - MAIN ENTRY--PERSONAL NAME
Personal name MISHRA, S.K.
245 ## - TITLE STATEMENT
Title INDIAN ECONOMY
260 ## - PUBLICATION, DISTRIBUTION, ETC.
Place of publication, distribution, etc. MUMBAI
Name of publisher, distributor, etc. HIMALAYA PUBLISHING HOUSE
Date of publication, distribution, etc. 1984.
300 ## - PHYSICAL DESCRIPTION
Extent 906.:
Dimensions 24CM.
700 ## - ADDED ENTRY--PERSONAL NAME
Personal name PURI .
942 ## - ADDED ENTRY ELEMENTS (KOHA)
Koha item type Books
653 ## - INDEX TERM--UNCONTROLLED
Uncontrolled term INDIAN ECONOMY
Holdings
Withdrawn status Lost status Damaged status Not for loan Collection code Home library Current library Shelving location Date acquired Full call number Barcode Date last seen Copy number Price effective from Koha item type Public note
        TBECO Central Library and Information Centre Sibsagar Girls College Central Library and Information Centre Sibsagar Girls College ECONOMICS BOOK RACK 20.04.1983 330.54 MIS 07125 27.02.2020 1 27.02.2020 Books V
Withdrawn       TBECO Central Library and Information Centre Sibsagar Girls College Central Library and Information Centre Sibsagar Girls College Staff Office 20.04.1983 330.54 MIS 07126 27.02.2020 2 27.02.2020 Books  


Sibsagar Girl's College © 2020. All rights reserved.
Powered by Koha.
Maintained by Abhijit Borpuzari.